[Event "Championnat de France - Open D"]
[Site "Nimes"]
[Date "2009.08.11"]
[Round "1.1"]
[White "Arnaud-Audiffren, Alexandre"]
[Black "Delzant, Pierre-Richard"]
[Result "1-0"]
[WhiteElo "1500"]
[BlackElo "1380"]
[PlyCount "65"]
[EventDate "2009.??.??"]

1. d4 Nf6 2. Bf4 d6 3. e3 g6 4. c4 Bg7 5. Nc3 O-O 6. Nf3 c5 7. Be2 Nc6 8. h3 a6
9. O-O Bf5 10. Bd3 Bxd3 11. Qxd3 Qb6 12. Rab1 cxd4 13. exd4 Nh5 14. Be3 Rad8
15. d5 Qc7 16. dxc6 Qxc6 17. Nd5 Rfe8 18. Rfe1 e6 19. Nc3 Nf6 20. Rbd1 d5 21.
cxd5 Nxd5 22. Bd4 Nb6 23. Qe3 Nc4 24. Qe2 Bxd4 25. Nxd4 Qc5 26. Nf3 Qb4 27. b3
Nd6 28. Qe5 Re7 29. Ne4 b5 30. Rd4 Qa3 31. Nxd6 Qxa2 32. Nxb5 Rxd4 33. Nbxd4
1-0

[Event "Championnat de France - Open D"]
[Site "Nimes"]
[Date "2009.08.11"]
[Round "1.2"]
[White "Moret, Martine"]
[Black "Legrand, Antoine"]
[Result "0-1"]
[WhiteElo "1380"]
[BlackElo "1500"]
[PlyCount "66"]
[EventDate "2009.??.??"]

1. c4 c5 2. d3 d6 3. Nf3 Nc6 4. h3 Nf6 5. Nbd2 g6 6. e3 Bg7 7. Be2 O-O 8. O-O
Be6 9. a3 d5 10. Ng5 Qd6 11. e4 dxc4 12. Nxe6 Qxe6 13. Nxc4 Nd4 14. Bf4 Nxe2+
15. Qxe2 Nd5 16. Bg3 Nb6 17. Ne3 Rfd8 18. Rad1 Qb3 19. Rd2 c4 20. Rfd1 cxd3 21.
Qf3 Bh6 22. Bc7 Bxe3 23. fxe3 Rd7 24. Bf4 Nc4 25. Rf2 Nxb2 26. Rdd2 Nc4 27. Rd1
d2 28. Bg5 e6 29. Bh6 f6 30. Bf4 Rad8 31. h4 Nb2 32. Rff1 Nxd1 33. Rxd1 Qxa3
0-1

[Event "Championnat de France - Open D"]
[Site "Nimes"]
[Date "2009.08.11"]
[Round "1.3"]
[White "Saint-Sulpice, Xavier"]
[Black "Sebaoni, Remi"]
[Result "1-0"]
[WhiteElo "1500"]
[BlackElo "1380"]
[PlyCount "63"]
[EventDate "2009.??.??"]

1. d4 d5 2. c4 e6 3. Nc3 Nf6 4. Bg5 Be7 5. e3 O-O 6. Bd3 Ne8 7. Bxe7 Qxe7 8.
cxd5 Qg5 9. Qf3 b6 10. dxe6 c6 11. Nh3 Qe7 12. exf7+ Rxf7 13. Qg3 h6 14. Nf4
Qg5 15. Bc4 Qf5 16. Bxf7+ Kxf7 17. O-O Nd7 18. Rac1 c5 19. dxc5 Nxc5 20. Rfd1
Bb7 21. f3 Nf6 22. Nb5 Kg8 23. Nd6 Qh7 24. Nxb7 Nxb7 25. Rc7 Nc5 26. b4 Na6 27.
Re7 Nxb4 28. Ne6 Nh5 29. Qd6 Qc2 30. Qd2 Qa4 31. Rxg7+ Kh8 32. Qd8+ 1-0

[Event "Championnat de France - Open D"]
[Site "Nimes"]
[Date "2009.08.11"]
[Round "1.4"]
[White "Argente, Lucie"]
[Black "Bastide, Jean Luc"]
[Result "0-1"]
[WhiteElo "1370"]
[BlackElo "1499"]
[PlyCount "66"]
[EventDate "2009.??.??"]

1. d4 d5 2. Nf3 Nf6 3. Bg5 Nc6 4. e3 a6 5. c4 Bg4 6. Nc3 Ne4 7. cxd5 Nxc3 8.
bxc3 Qxd5 9. Bf4 e5 10. Bxe5 O-O-O 11. Be2 Qa5 12. Qb3 f6 13. Bg3 g5 14. h4 h5
15. Nd2 Bxe2 16. Kxe2 Bd6 17. Bxd6 Qf5 18. Bg3 Rhe8 19. Rab1 b5 20. Qf7 Re7 21.
Qxh5 Nxd4+ 22. cxd4 Rxd4 23. Ke1 Rxd2 24. Kxd2 Rd7+ 25. Ke2 Qd3+ 26. Kf3 Qf5+
27. Ke2 Qd3+ 28. Kf3 Qf5+ 29. Bf4 Qd5+ 30. Kg3 gxf4+ 31. Kg4 Rg7+ 32. Kh3 Qxh5
33. exf4 Qg4+ 0-1

[Event "Championnat de France - Open D"]
[Site "Nimes"]
[Date "2009.08.11"]
[Round "1.5"]
[White "Deleuze, Frederic"]
[Black "Camuzeaux, Jules"]
[Result "0-1"]
[WhiteElo "1499"]
[BlackElo "1370"]
[PlyCount "72"]
[EventDate "2009.??.??"]

1. e4 c6 2. Nc3 d5 3. d3 d4 4. Na4 e5 5. Be2 b5 6. b3 bxa4 7. bxa4 Qa5+ 8. Bd2
Bb4 9. Nf3 Qxa4 10. Nxe5 Qb5 11. Nc4 Be6 12. O-O Be7 13. c3 c5 14. cxd4 cxd4
15. a4 Qa6 16. a5 Bxc4 17. dxc4 Bc5 18. Qa4+ Nd7 19. Bd3 Ne7 20. Bg5 f6 21. Bf4
Nc6 22. Qd1 O-O 23. Bg3 Nde5 24. Bxe5 Nxe5 25. f3 Rab8 26. Qd2 Rb3 27. Qe2 Nxd3
28. Rab1 Qxc4 29. Rxb3 Qxb3 30. Rd1 Nf4 31. Qd2 d3+ 32. Kf1 Be3 33. Qxe3 Qxd1+
34. Kf2 Qe2+ 35. Qxe2 dxe2 36. Ke1 Rd8 0-1

[Event "Championnat de France - Open D"]
[Site "Nimes"]
[Date "2009.08.11"]
[Round "1.6"]
[White "Ferrand, Christine"]
[Black "Faillat, Cyril"]
[Result "1/2-1/2"]
[WhiteElo "1370"]
[BlackElo "1499"]
[PlyCount "93"]
[EventDate "2009.??.??"]

1. e4 e5 2. Nc3 Nc6 3. g3 Nf6 4. Bg2 d6 5. d3 b6 6. f4 Be7 7. Nf3 O-O 8. f5 h6
9. h3 d5 10. Nh2 dxe4 11. Nxe4 Bxf5 12. Nxf6+ Bxf6 13. Bxc6 Rb8 14. g4 Bh4+ 15.
Ke2 Bg6 16. Nf3 Bg3 17. Qg1 Bf4 18. Bxf4 exf4 19. Rf1 Qe7+ 20. Kd1 Qe6 21. Nd4
Qxa2 22. b3 Qa1+ 23. Kd2 Qa5+ 24. c3 Qg5 25. Kc2 Rbd8 26. Qh2 Qa5 27. Rxf4 Qa2+
28. Kd1 Qa5 29. Qd2 Qa1+ 30. Qc1 Qxc1+ 31. Kxc1 Bxd3 32. Rd1 Bg6 33. Nb5 Rxd1+
34. Kxd1 Rd8+ 35. Rd4 Rxd4+ 36. Nxd4 a6 37. Bb7 c5 38. Nc2 a5 39. Na3 f5 40.
gxf5 Bxf5 41. Bg2 Be6 42. c4 g5 43. Bd5 Kf7 44. Bxe6+ Kxe6 45. Ke2 Kf5 46. Kf3
h5 47. Kg3 1/2-1/2

[Event "Championnat de France - Open D"]
[Site "Nimes"]
[Date "2009.08.11"]
[Round "1.7"]
[White "Fernandez, Roger"]
[Black "Giry, Valentin"]
[Result "0-1"]
[WhiteElo "1499"]
[BlackElo "1370"]
[PlyCount "80"]
[EventDate "2009.??.??"]

1. e4 c5 2. Nf3 e6 3. Nc3 a6 4. b3 Nc6 5. a4 Qc7 6. d4 cxd4 7. Nxd4 Nge7 8. Be3
Nxd4 9. Bxd4 e5 10. Qe2 exd4 11. Nd5 Qc6 12. Rc1 g6 13. g4 Qd6 14. Qc4 Nxd5 15.
Qxd5 Qxd5 16. exd5 d6 17. Be2 Bg7 18. O-O O-O 19. c4 dxc3 20. f4 Re8 21. Bd3
Bxg4 22. Rfe1 Bd4+ 23. Kg2 Re3 24. Rxe3 Bxe3 25. Rxc3 Re8 26. Kg3 Bh5 27. Rc2
Kg7 28. h4 Bc5 29. Rc4 Re3+ 30. Kf2 Rxd3+ 31. Kg2 Rxb3 32. Rc2 b5 33. axb5 axb5
34. Rf2 Bxf2 35. Kxf2 Rc3 36. f5 b4 37. Ke1 Rc2 38. Kf1 b3 39. fxg6 b2 40. gxf7
b1=Q# 0-1

[Event "Championnat de France - Open D"]
[Site "Nimes"]
[Date "2009.08.11"]
[Round "1.8"]
[White "Baumhauer, Gaspard"]
[Black "Gobbe, David"]
[Result "0-1"]
[WhiteElo "1360"]
[BlackElo "1499"]
[PlyCount "62"]
[EventDate "2009.??.??"]

1. e4 e5 2. Nf3 Nc6 3. Bc4 Be7 4. Nc3 Nf6 5. d3 d6 6. Be3 Na5 7. b3 O-O 8. d4
Nxc4 9. bxc4 exd4 10. Bxd4 c5 11. Be3 Be6 12. Qd3 Ng4 13. h3 Nxe3 14. fxe3 f5
15. Nd5 Bh4+ 16. Ke2 Bf6 17. Rab1 Qd7 18. g4 fxg4 19. hxg4 Bxg4 20. Rbf1 Be5
21. Rh4 Rf7 22. Nf4 g5 23. Rxg4 Bxf4 24. Rg2 Be5 25. Rxg5+ Bg7 26. Qd5 Raf8 27.
Nh4 Kh8 28. Rh5 Qg4+ 29. Nf3 Rxf3 30. Rxf3 Qxf3+ 31. Kd3 Qf1+ 0-1

[Event "Championnat de France - Open D"]
[Site "Nimes"]
[Date "2009.08.11"]
[Round "1.9"]
[White "Jeannerot, Pierre-Marie"]
[Black "Hatrel, Arnaud"]
[Result "0-1"]
[WhiteElo "1499"]
[BlackElo "1350"]
[PlyCount "90"]
[EventDate "2009.??.??"]

1. e4 e5 2. Nc3 Nf6 3. Bc4 d6 4. Nf3 Nc6 5. O-O g6 6. Ng5 Be6 7. Bxe6 fxe6 8.
Nxe6 Qd7 9. Ng5 O-O-O 10. d3 h6 11. Nf3 g5 12. b3 Bg7 13. Be3 Ng4 14. Bd2 Nf6
15. a4 a6 16. Qe2 g4 17. Nh4 Nd4 18. Qe3 c5 19. Rac1 a5 20. Nd1 g3 21. h3 Nh5
22. Bxa5 Rde8 23. Bc3 Rhg8 24. Bxd4 cxd4 25. fxg3 Bh8 26. Qd2 Rxg3 27. Nf5 Reg8
28. Nxg3 Nxg3 29. Rf3 Nh5 30. Qf2 Bf6 31. Rf5 Nf4 32. g4 Nxh3+ 33. Kf1 Nxf2 34.
Nxf2 Bh4 35. Nh1 Rxg4 36. Ke2 Qg7 37. Rcf1 Rf4 38. R5xf4 exf4 39. Nf2 Bxf2 40.
Rxf2 Qg4+ 41. Rf3 Qg2+ 42. Rf2 f3+ 43. Ke1 Qg1+ 44. Rf1 Qe3+ 45. Kd1 Qe2+ 0-1

[Event "Championnat de France - Open D"]
[Site "Nimes"]
[Date "2009.08.11"]
[Round "1.10"]
[White "Siaugues, Jean-Claude"]
[Black "Nguyen, Pierre"]
[Result "1-0"]
[WhiteElo "1350"]
[BlackElo "1499"]
[PlyCount "43"]
[EventDate "2009.??.??"]

1. d4 d5 2. Nf3 c6 3. e3 Nf6 4. Bd3 Bg4 5. c4 e6 6. Nbd2 Bb4 7. O-O Bxd2 8.
Bxd2 O-O 9. Qb3 Bxf3 10. gxf3 b6 11. Kh1 Qd7 12. Rg1 dxc4 13. Qxc4 Qd5 14. Qxd5
exd5 15. Rae1 Nbd7 16. e4 Nh5 17. e5 Rfe8 18. Bf5 Re7 19. Bg4 f6 20. Bxh5 fxe5
21. Bg5 Nf6 22. Bxf6 1-0

[Event "Championnat de France - Open D"]
[Site "Nimes"]
[Date "2009.08.12"]
[Round "2.1"]
[White "Juffin, Dominique"]
[Black "Arnaud-Audiffren, Alexandre"]
[Result "0-1"]
[WhiteElo "1430"]
[BlackElo "1500"]
[PlyCount "86"]
[EventDate "2009.??.??"]

1. d4 d5 2. Nf3 Bf5 3. e3 e6 4. Bd3 Bg6 5. Nbd2 Nf6 6. O-O c5 7. Re1 Nc6 8.
Bxg6 hxg6 9. c3 Qc7 10. e4 O-O-O 11. e5 Nd7 12. Ng5 Nb6 13. Nf1 cxd4 14. cxd4
Bb4 15. Re3 Rdf8 16. a3 Be7 17. Rc3 Bxg5 18. Bxg5 f6 19. exf6 gxf6 20. Be3 Nc4
21. Qg4 Qf7 22. b4 f5 23. Qf3 Qg7 24. Rd3 g5 25. b5 Ne7 26. Rc1 f4 27. Bd2 Nf5
28. Rdc3 Nxd4 29. Qd3 Nxb5 30. Rxc4+ dxc4 31. Qxc4+ Nc7 32. Qxe6+ Kb8 33. Qc4
Rh6 34. Bc3 Qf7 35. Qb4 Nd5 36. Be5+ Ka8 37. Qc5 Rc6 38. Nd2 Rxc5 39. Rxc5 b6
40. Rc6 Qb7 41. Rd6 Rc8 42. Bb2 Rc2 43. Nc4 Rxc4 0-1

[Event "Championnat de France - Open D"]
[Site "Nimes"]
[Date "2009.08.12"]
[Round "2.2"]
[White "Legrand, Antoine"]
[Black "Cossutta, Nello"]
[Result "0-1"]
[WhiteElo "1500"]
[BlackElo "1431"]
[PlyCount "110"]
[EventDate "2009.??.??"]

1. e4 c5 2. Nf3 d6 3. d4 cxd4 4. Nxd4 Nf6 5. Nc3 g6 6. Bc4 Bg7 7. O-O O-O 8.
Bg5 Nc6 9. Nxc6 bxc6 10. Qd2 Rb8 11. Bb3 Bb7 12. Bh6 c5 13. Bxg7 Kxg7 14. f3
Ba6 15. Rfb1 Qb6 16. Nd5 Nxd5 17. Bxd5 e6 18. Qc3+ Kg8 19. Bc4 Bxc4 20. Qxc4
Qc6 21. b4 a6 22. bxc5 Qxc5+ 23. Qxc5 dxc5 24. Rb3 Rb5 25. Rxb5 axb5 26. a4 Ra8
27. a5 Ra6 28. Kf2 e5 29. g3 f6 30. f4 Kf7 31. Ke3 Ke6 32. Kd3 h6 33. c4 b4 34.
Kc2 Kd6 35. Kb3 Kc7 36. Ka4 Kc6 37. fxe5 fxe5 38. h3 Ra7 39. Kb3 Rd7 40. a6 Kb6
41. Kc2 Ra7 42. Kd2 Rxa6 43. Rb1 Ra3 44. Rg1 Rc3 45. h4 Rxc4 46. Re1 Rc3 47.
Rg1 c4 48. g4 Kc5 49. g5 h5 50. Rf1 Rd3+ 51. Kc2 Rd6 52. Kb2 Kb5 53. Rf6 Kc5
54. Kc2 Rxf6 55. gxf6 Kd6 0-1

[Event "Championnat de France - Open D"]
[Site "Nimes"]
[Date "2009.08.12"]
[Round "2.3"]
[White "Joly, Yves"]
[Black "Saint-Sulpice, Xavier"]
[Result "0-1"]
[WhiteElo "1420"]
[BlackElo "1500"]
[PlyCount "100"]
[EventDate "2009.??.??"]

1. e4 c5 2. Nf3 g6 3. d4 cxd4 4. Nxd4 Bg7 5. Bc4 d6 6. O-O Nf6 7. Re1 O-O 8. c3
Nc6 9. Nd2 Ne5 10. Bb3 a6 11. h3 Bd7 12. N2f3 Nc6 13. Bd2 Qc8 14. e5 dxe5 15.
Nxe5 Nxd4 16. Nxd7 Qxd7 17. cxd4 e6 18. Bc3 Rac8 19. a4 Rfd8 20. Ba5 Re8 21.
Bc3 b6 22. Qd3 a5 23. Bc4 Red8 24. Red1 Nd5 25. Bb5 Qd6 26. Rac1 Ne7 27. d5
Nxd5 28. Bxg7 Kxg7 29. Rxc8 Rxc8 30. Qd4+ Kg8 31. Qg4 Qe5 32. Bc4 Rc5 33. b3
Qc7 34. Qf3 Ne7 35. Qd3 Nc6 36. Qd7 Qxd7 37. Rxd7 Ne5 38. Rb7 Nxc4 39. bxc4
Rxc4 40. Rxb6 Rxa4 41. Kf1 Rd4 42. Rb2 Kf8 43. Ke2 Ke7 44. Ke3 Rd5 45. Ke4 Kd6
46. Ra2 Rb5 47. f4 Rb4+ 48. Ke3 a4 49. Kd2 Rxf4 50. Kc3 Kc5 0-1

[Event "Championnat de France - Open D"]
[Site "Nimes"]
[Date "2009.08.12"]
[Round "2.4"]
[White "Bastide, Jean Luc"]
[Black "Schneckenburger, Robin"]
[Result "1-0"]
[WhiteElo "1499"]
[BlackElo "1430"]
[PlyCount "45"]
[EventDate "2009.??.??"]

1. e4 e5 2. f4 exf4 3. Nf3 d5 4. exd5 Qxd5 5. Nc3 Qe6+ 6. Kf2 Bd7 7. d4 Bd6 8.
Bb5 Ne7 9. Re1 Qf6 10. Nd5 Qf5 11. Rxe7+ Bxe7 12. Nxc7+ Kd8 13. Bxd7 Kxd7 14.
Nxa8 Na6 15. Ne5+ Kd6 16. Qf3 Rxa8 17. Bxf4 Qxc2+ 18. Kg1 Qf5 19. Nc4+ Ke6 20.
Re1+ Kf6 21. g4 Qc2 22. Bd2+ Kg6 23. Ne5# 1-0

[Event "Championnat de France - Open D"]
[Site "Nimes"]
[Date "2009.08.12"]
[Round "2.5"]
[White "Gobbe, David"]
[Black "Tranchesset, Alexandre"]
[Result "1/2-1/2"]
[WhiteElo "1499"]
[BlackElo "1420"]
[PlyCount "104"]
[EventDate "2009.??.??"]

1. e4 e5 2. Nf3 Nc6 3. Nc3 Nf6 4. Bb5 a6 5. Bxc6 dxc6 6. Nxe5 Qe7 7. d4 c5 8.
Be3 b6 9. Nd5 Nxd5 10. exd5 f6 11. Qh5+ g6 12. Nxg6 Qf7 13. Nf4 Bd6 14. Qxf7+
Kxf7 15. O-O-O Bb7 16. dxc5 bxc5 17. c4 Rhg8 18. g3 c6 19. Rhe1 Bxf4 20. Bxf4
cxd5 21. cxd5 Rad8 22. d6 Bc6 23. Rd2 Rge8 24. Rde2 Bd5 25. Rxe8 Rxe8 26. Rxe8
Kxe8 27. a3 Bc6 28. Kc2 Kf7 29. Kc3 Bb5 30. Kd2 Kg6 31. Ke3 Bc6 32. Kd3 Bb5+
33. Kc3 a5 34. d7 Bxd7 35. Kc4 Kf5 36. Kxc5 a4 37. Kd4 Kg4 38. h4 Kf3 39. Be3
h5 40. Kc3 Ke4 41. b4 Kd5 42. Kd3 Bb5+ 43. Kc2 f5 44. f3 Be2 45. g4 Bxf3 46. g5
Kc4 47. g6 Be4+ 48. Kb2 Bd5 49. Bf4 Kd4 50. b5 Kc5 51. b6 Kxb6 52. Kc3 Kc5
1/2-1/2

[Event "Championnat de France - Open D"]
[Site "Nimes"]
[Date "2009.08.12"]
[Round "2.6"]
[White "Benezra, Amos"]
[Black "Elzoghlami, Mehdi"]
[Result "0-1"]
[WhiteElo "1410"]
[BlackElo "1493"]
[PlyCount "118"]
[EventDate "2009.??.??"]

1. e4 c5 2. Nf3 d6 3. d4 cxd4 4. Nxd4 Nf6 5. Nc3 g6 6. Be3 Bg7 7. f3 O-O 8. Qd2
Nc6 9. O-O-O Bd7 10. Kb1 Rc8 11. h4 h5 12. Nb3 Re8 13. g4 hxg4 14. fxg4 Bxg4
15. Be2 Bh5 16. Rdf1 Bxe2 17. Qxe2 Nh5 18. Qf2 Rf8 19. Bd4 Nxd4 20. Nxd4 Bxd4
21. Qxd4 Rc5 22. Rh3 Qd7 23. Rhf3 Nf6 24. Rf4 e5 25. Qf2 exf4 26. Qxf4 Nh5 27.
Qf2 Qc6 28. a3 Rxc3 29. bxc3 Qb6+ 30. Qxb6 axb6 31. Rd1 Rd8 32. e5 d5 33. Rd4
Ng3 34. c4 Nf5 35. cxd5 Nxd4 36. c4 Nf3 37. Kb2 Nxe5 38. Kb3 b5 39. cxb5 Rxd5
40. a4 f5 41. Kb4 f4 42. a5 f3 43. a6 bxa6 44. bxa6 Rd6 45. a7 Nc6+ 46. Kc5
Nxa7 47. Kxd6 f2 48. h5 g5 49. h6 f1=Q 50. h7+ Kxh7 51. Kc7 Nb5+ 52. Kb6 Kg7
53. Kb7 Kf7 54. Kb8 Ke7 55. Ka8 Kd7 56. Kb7 Qc4 57. Ka6 Nc7+ 58. Ka7 Qa6+ 59.
Kb8 Qa8# 0-1

[Event "Championnat de France - Open D"]
[Site "Nimes"]
[Date "2009.08.12"]
[Round "2.7"]
[White "Doucet, Claude"]
[Black "Priser, Valerie"]
[Result "1-0"]
[WhiteElo "1490"]
[BlackElo "1410"]
[PlyCount "81"]
[EventDate "2009.??.??"]

1. d4 c6 2. c4 d5 3. cxd5 cxd5 4. Bf4 Nc6 5. Nf3 Nf6 6. e3 e6 7. Nbd2 Bb4 8. a3
Ba5 9. b4 Bb6 10. Be2 O-O 11. O-O Re8 12. Qc2 Bc7 13. Bg5 e5 14. Rfe1 e4 15.
Nh4 h6 16. Bxf6 Qxf6 17. g3 Bd7 18. b5 Bxg3 19. fxg3 Na5 20. Qc7 Qd8 21. Qxd8
Rexd8 22. Rac1 b6 23. a4 Nb7 24. Ng2 Nd6 25. Nf4 Be6 26. Nxe6 fxe6 27. Bg4 Re8
28. Bh3 Re7 29. Rc6 Rd8 30. Rec1 Nf5 31. Nf1 Kh8 32. Rc7 Rxc7 33. Rxc7 Ra8 34.
Bxf5 exf5 35. Rd7 g6 36. Rxd5 a6 37. Rd6 axb5 38. axb5 Rg8 39. Rxb6 Kh7 40.
Rb7+ Kh8 41. b6 1-0

[Event "Championnat de France - Open D"]
[Site "Nimes"]
[Date "2009.08.12"]
[Round "2.8"]
[White "Rouffignac, Marie"]
[Black "Faure, Baptiste"]
[Result "1-0"]
[WhiteElo "1410"]
[BlackElo "1490"]
[PlyCount "51"]
[EventDate "2009.??.??"]

1. e4 c5 2. Nf3 Nc6 3. d4 cxd4 4. Nxd4 g6 5. Nc3 Bg7 6. Be3 Nf6 7. f3 O-O 8.
Qd2 Qc7 9. Bh6 Rd8 10. Bxg7 Kxg7 11. Bc4 a6 12. g4 b5 13. Bb3 b4 14. Nd5 Nxd5
15. Bxd5 a5 16. O-O-O Bb7 17. h4 e6 18. Bxc6 dxc6 19. Qe3 a4 20. h5 Kf8 21.
hxg6 hxg6 22. Rh8+ Ke7 23. Qg5+ Kd7 24. Nb5+ Kc8 25. Rhxd8+ Qxd8 26. Qxd8# 1-0

[Event "Championnat de France - Open D"]
[Site "Nimes"]
[Date "2009.08.12"]
[Round "2.9"]
[White "Ferre, Gael"]
[Black "Wolfangel, Jocelyne"]
[Result "1-0"]
[WhiteElo "1490"]
[BlackElo "1410"]
[PlyCount "67"]
[EventDate "2009.??.??"]

1. Nf3 Nf6 2. d4 d5 3. e3 e6 4. Be2 Be7 5. O-O O-O 6. Nbd2 b6 7. c4 c5 8. dxc5
bxc5 9. cxd5 exd5 10. b3 Nc6 11. Ba3 Bb7 12. Rc1 Qa5 13. Nb1 Rfd8 14. Qe1 Qb6
15. Nc3 Qa5 16. Na4 Nd7 17. Qxa5 Nxa5 18. Bxc5 Bf6 19. Bd4 Rac8 20. Bxa7 Nc6
21. Bc5 Ncb8 22. Bd4 Be7 23. Nb6 Nxb6 24. Bxb6 Re8 25. Nd4 Ba3 26. Rc2 Nd7 27.
Ba5 Ra8 28. Bd2 Nc5 29. Nb5 Rec8 30. Nxa3 Rxa3 31. Rfc1 Rxa2 32. Rxa2 Nxb3 33.
Rxc8+ Bxc8 34. Ra8 1-0

[Event "Championnat de France - Open D"]
[Site "Nimes"]
[Date "2009.08.12"]
[Round "2.10"]
[White "Laudat, Philippe"]
[Black "Marquet, Didier"]
[Result "1/2-1/2"]
[WhiteElo "1405"]
[BlackElo "1482"]
[PlyCount "108"]
[EventDate "2009.??.??"]

1. d4 d5 2. Bf4 Nf6 3. e3 e6 4. Bd3 Nc6 5. c3 Bd6 6. Bg3 Bxg3 7. hxg3 e5 8. Nd2
e4 9. Bc2 Bf5 10. Bb3 Na5 11. c4 c6 12. cxd5 cxd5 13. Ba4+ Bd7 14. Ne2 b5 15.
Bb3 a6 16. Nf4 Bc6 17. Bc2 Nc4 18. b4 Qd7 19. Nb3 Qg4 20. Qxg4 Nxg4 21. Bd1 Nf6
22. Nc5 a5 23. bxa5 Rxa5 24. O-O O-O 25. Bb3 Rfa8 26. Rfc1 g5 27. Ne2 Kf8 28.
Nc3 Nd2 29. a4 Nxb3 30. Nxb3 R5a7 31. a5 Ra6 32. Na2 Bd7 33. Nb4 Rd6 34. Nc5
Ke7 35. a6 Bc6 36. a7 Nd7 37. Nxc6+ Rxc6 38. Kf1 Nxc5 39. dxc5 Rc7 40. Ra5
Rcxa7 41. Rxb5 Ra1 42. Rxa1 Rxa1+ 43. Ke2 Rc1 44. Kd2 Rg1 45. c6 Kd6 46. c7
Kxc7 47. Rxd5 f6 48. Rf5 Rxg2 49. Rxf6 h5 50. Ke2 h4 51. Kf1 h3 52. Rh6 Rh2 53.
Kg1 Rg2+ 54. Kf1 Rh2 1/2-1/2

[Event "Championnat de France - Open D"]
[Site "Nimes"]
[Date "2009.08.13"]
[Round "3.1"]
[White "Arnaud-Audiffren, Alexandre"]
[Black "Fahys, Francis"]
[Result "1/2-1/2"]
[WhiteElo "1500"]
[BlackElo "1440"]
[PlyCount "66"]
[EventDate "2009.??.??"]

1. d4 Nf6 2. Bf4 d5 3. e3 c6 4. c4 Bf5 5. Nf3 Nbd7 6. h3 h6 7. Nc3 e6 8. Bd3
Ne4 9. Qc2 Bb4 10. O-O Bxc3 11. bxc3 g5 12. Bh2 h5 13. cxd5 cxd5 14. Ne5 Nxe5
15. Bxe5 O-O 16. f3 Nd6 17. Bxd6 Bxd3 18. Qxd3 Qxd6 19. e4 Qg3 20. exd5 exd5
21. Qf5 Rad8 22. Rab1 b6 23. Rb5 Rfe8 24. Qd3 Rd7 25. Rb2 Rde7 26. Qd2 Re1 27.
Qf2 Rxf1+ 28. Kxf1 Qh2 29. Rb1 Qc7 30. Qd2 Qg3 31. Re1 Rxe1+ 32. Qxe1 Qxe1+ 33.
Kxe1 f5 1/2-1/2

[Event "Championnat de France - Open D"]
[Site "Nimes"]
[Date "2009.08.13"]
[Round "3.2"]
[White "Saint-Sulpice, Xavier"]
[Black "Saucey, Milena"]
[Result "0-1"]
[WhiteElo "1500"]
[BlackElo "1440"]
[PlyCount "58"]
[EventDate "2009.??.??"]

1. d4 e6 2. c4 Bb4+ 3. Nc3 b6 4. Bf4 Nf6 5. a3 Bxc3+ 6. bxc3 d5 7. e3 O-O 8.
Nf3 Ba6 9. Qb3 c5 10. Bd3 Qc8 11. Nd2 Nbd7 12. e4 cxd4 13. cxd4 dxc4 14. Nxc4
Bxc4 15. Bxc4 Nxe4 16. Bxe6 fxe6 17. Qxe6+ Kh8 18. Qxe4 Re8 19. Be5 Nxe5 20.
dxe5 Qc3+ 21. Ke2 Rxe5 22. Qxe5 Qxe5+ 23. Kd2 Rd8+ 24. Kc2 Qc5+ 25. Kb3 Rd3+
26. Kb2 Qc3+ 27. Kb1 Qb3+ 28. Kc1 Rc3+ 29. Kd2 Qb2+ 0-1

[Event "Championnat de France - Open D"]
[Site "Nimes"]
[Date "2009.08.13"]
[Round "3.3"]
[White "Roman, Sylvian"]
[Black "Bastide, Jean Luc"]
[Result "0-1"]
[WhiteElo "1440"]
[BlackElo "1499"]
[PlyCount "50"]
[EventDate "2009.??.??"]

1. e4 e5 2. Nf3 Nc6 3. Bb5 Nf6 4. O-O Bc5 5. c3 O-O 6. d4 Bb6 7. Re1 d5 8. dxe5
Nxe4 9. Bd3 Bxf2+ 10. Kf1 Bxe1 11. Qxe1 f6 12. Nbd2 Nxd2+ 13. Bxd2 fxe5 14. Qg3
e4 15. Bh6 Qf6 16. Qxg7+ Qxg7 17. Bxg7 Kxg7 18. Bb5 exf3 19. Re1 fxg2+ 20. Kxg2
Bf5 21. Kg3 Be4 22. Rg1 Kh6 23. Kh4 Rf4+ 24. Kh3 Raf8 25. Be2 Ne5 0-1

[Event "Championnat de France - Open D"]
[Site "Nimes"]
[Date "2009.08.13"]
[Round "3.4"]
[White "Elzoghlami, Mehdi"]
[Black "Rouffignac, Marie"]
[Result "1-0"]
[WhiteElo "1493"]
[BlackElo "1410"]
[PlyCount "65"]
[EventDate "2009.??.??"]

1. d4 d5 2. Bg5 f6 3. Bh4 Nc6 4. e3 Bf5 5. c4 g5 6. Bg3 Qd7 7. Qb3 dxc4 8. Bxc4
Na5 9. Bf7+ Kd8 10. Qc3 Nc6 11. Bb3 e6 12. a3 Bd6 13. Ne2 Nge7 14. Nd2 Bg6 15.
O-O Bxg3 16. Nxg3 Nd5 17. Qc1 h5 18. Nge4 Bxe4 19. Nxe4 Qe7 20. Ba4 Nb8 21. Qc2
f5 22. Nc5 b6 23. Nd3 g4 24. Ne5 Kc8 25. Ng6 Qf6 26. Nxh8 Qxh8 27. Bc6 Nxc6 28.
Qxc6 Rb8 29. Qxe6+ Kb7 30. Qxd5+ Ka6 31. b4 h4 32. b5+ Ka5 33. Qc4 1-0

[Event "Championnat de France - Open D"]
[Site "Nimes"]
[Date "2009.08.13"]
[Round "3.5"]
[White "Cossutta, Nello"]
[Black "Doucet, Claude"]
[Result "1/2-1/2"]
[WhiteElo "1431"]
[BlackElo "1490"]
[PlyCount "117"]
[EventDate "2009.??.??"]

1. c4 Nf6 2. Nc3 e6 3. a3 d5 4. cxd5 exd5 5. d4 Be7 6. Nf3 O-O 7. g3 Bf5 8. Bg2
c6 9. O-O Nbd7 10. b4 Ne4 11. Bb2 Nxc3 12. Bxc3 Be4 13. Qc1 Re8 14. Nd2 Bxg2
15. Kxg2 Bg5 16. e3 Nf8 17. Qc2 g6 18. Rab1 Qd7 19. Qd3 Bh6 20. b5 Rab8 21. Rb3
Rec8 22. Rfb1 Ne6 23. bxc6 Qxc6 24. Bb2 b6 25. Rc3 Qd7 26. Nf3 Bg7 27. Rbc1
Rxc3 28. Rxc3 Rc8 29. Qc2 Rxc3 30. Qxc3 Nc5 31. Qc2 Ne6 32. a4 Qc7 33. Ne1 Bf8
34. Qxc7 Nxc7 35. Nc2 f5 36. h3 Kf7 37. f4 Ke6 38. g4 Na6 39. Bc3 Bd6 40. Kf3
Bc7 41. g5 Bd6 42. Ke2 Kd7 43. Kd3 Kc6 44. Ne1 b5 45. axb5+ Kxb5 46. Nf3 Nb4+
47. Bxb4 Bxb4 48. Ne5 a5 49. Nd7 a4 50. Nf6 a3 51. Kc2 Kc4 52. Nd7 Bd2 53. Nb6+
Kb5 54. Nxd5 a2 55. Kb2 Kc4 56. Nb6+ Kb5 57. Nd5 Kc4 58. Nb6+ Kb5 59. Nd5
1/2-1/2

[Event "Championnat de France - Open D"]
[Site "Nimes"]
[Date "2009.08.13"]
[Round "3.6"]
[White "Trey, Baptiste"]
[Black "Ferre, Gael"]
[Result "1-0"]
[WhiteElo "1390"]
[BlackElo "1490"]
[PlyCount "111"]
[EventDate "2009.??.??"]

1. e4 e5 2. Nf3 Nc6 3. Bb5 Nf6 4. O-O a6 5. Ba4 b5 6. Bb3 Be7 7. Re1 O-O 8. c3
Bb7 9. d4 d6 10. Bg5 Nd7 11. Bxe7 Qxe7 12. a4 Nf6 13. d5 Na5 14. Bc2 Nc4 15. b3
Nb6 16. a5 Nbd7 17. c4 c6 18. cxb5 cxb5 19. b4 Nb8 20. Nbd2 Bc8 21. Rc1 Bd7 22.
Nf1 Bg4 23. Ne3 Bxf3 24. Qxf3 g6 25. Ng4 Nxg4 26. Qxg4 Qd7 27. Qh4 Qd8 28. Qh6
Nd7 29. Re3 Qf6 30. Bd1 Rfc8 31. Rc6 Rxc6 32. dxc6 Nf8 33. Bg4 Ra7 34. Bc8 Rc7
35. Bxa6 Rxc6 36. Bxb5 Rc1+ 37. Bf1 d5 38. Rf3 Qc6 39. exd5 Qc4 40. Rd3 Rxf1+
41. Kxf1 Qxd3+ 42. Ke1 Qxd5 43. Qe3 Qb5 44. Qc5 Qa4 45. Qd6 Ne6 46. a6 Nd4 47.
Qb8+ Kg7 48. Qxe5+ Kh6 49. Qxd4 Qxa6 50. Qc5 Qb7 51. f3 Kg7 52. b5 Kf6 53. Qd6+
Kf5 54. b6 Qa6 55. Qd5+ Kf6 56. b7 1-0

[Event "Championnat de France - Open D"]
[Site "Nimes"]
[Date "2009.08.13"]
[Round "3.7"]
[White "Luond, Patrice"]
[Black "Hatrel, Arnaud"]
[Result "1-0"]
[WhiteElo "1480"]
[BlackElo "1350"]
[PlyCount "85"]
[EventDate "2009.??.??"]

1. e4 e5 2. Nf3 d6 3. c3 Nf6 4. Bb5+ Bd7 5. Bxd7+ Qxd7 6. d3 g6 7. O-O Bg7 8.
Qb3 c5 9. Bg5 O-O 10. Bxf6 Bxf6 11. h3 Nc6 12. Nbd2 Rab8 13. a4 b6 14. Nh2 Bg5
15. Nc4 Kg7 16. Ne3 Bxe3 17. fxe3 f5 18. exf5 Rxf5 19. Rxf5 gxf5 20. Rf1 Rf8
21. Qd5 Ne7 22. Qb3 e4 23. dxe4 fxe4 24. Rxf8 Kxf8 25. Qc2 d5 26. Qf2+ Qf5 27.
Qg3 h5 28. Qb8+ Nc8 29. Qc7 Qe6 30. Qd8+ Kf7 31. g4 hxg4 32. Nxg4 Ne7 33. Qh8
Ng8 34. Qh7+ Kf8 35. Qxa7 Nf6 36. Qb8+ Kg7 37. Qc7+ Kf8 38. Qd8+ Kg7 39. Nxf6
Qxf6 40. Qxd5 Qf3 41. Qg5+ Kh7 42. Qh4+ Kg8 43. Qg4+ 1-0